[Event "GER-chT U16 Girls"]
[Site "Magdeburg"]
[Date "2023.12.29"]
[Round "5.1"]
[White "Moldovan, Tatiana"]
[Black "Trunz, Tamila"]
[Result "0-1"]
[WhiteElo "1590"]
[BlackElo "1766"]
[PlyCount "82"]
[EventDate "2023.12.26"]
[EventType "team-swiss"]
[EventRounds "7"]
[EventCountry "GER"]
[SourceTitle "CB03_2024"]
[SourceDate "2024.01.17"]
[SourceVersion "1"]
[SourceVersionDate "2024.01.17"]
[SourceQuality "1"]
[WhiteTeam "Hohentuebingen"]
[BlackTeam "Porz SG"]
[WhiteTeamCountry "GER"]
[BlackTeamCountry "GER"]

1. e4 c5 2. Nc3 e6 3. f4 Nc6 4. Nf3 d5 5. Bb5 Nf6 6. e5 Nd7 7. Bxc6 bxc6 8. d3 Rb8 9. 0-0 g6 10. a3 Bg7 11. Qe2 0-0 12. Rb1 Qc7 13. Re1 f6 14. Bd2 fxe5 15. fxe5 h6 16. Na4 Ba6 17. b3 Rf5 18. g3 Rbf8 19. Nh4 Rf2 20. Qxf2 Rxf2 21. Kxf2 Nxe5 22. Nf3 Qf7 23. Bf4 Nxf3 24. Kxf3 g5 25. Nxc5 Bc8 26. Rf1 gxf4 27. gxf4 e5 28. Ke2 exf4 29. b4 Qe7+ 30. Kf3 Qe3+ 31. Kg2 Bh3+ 32. Kh1 Bxf1 33. Rxf1 Bd4 34. Nb3 Bb6 35. Nc1 f3 36. h3 f2 37. Kg2 Qg5+ 38. Kf3 h5 39. Ne2 Qe3+ 40. Kg2 Qxe2 41. Rb1 f1N+ 0-1

[Event "GER-chT U16 Girls"]
[Site "Magdeburg"]
[Date "2023.12.28"]
[Round "4.1"]
[White "Trunz, Tamila"]
[Black "Glowiak, Alexandra"]
[Result "1-0"]
[WhiteElo "1766"]
[BlackElo "1730"]
[PlyCount "115"]
[EventDate "2023.12.26"]
[EventType "team-swiss"]
[EventRounds "7"]
[EventCountry "GER"]
[SourceTitle "CB03_2024"]
[SourceDate "2024.01.17"]
[SourceVersion "1"]
[SourceVersionDate "2024.01.17"]
[SourceQuality "1"]
[WhiteTeam "Porz SG"]
[BlackTeam "Chemnitz Aufbau"]
[WhiteTeamCountry "GER"]
[BlackTeamCountry "GER"]

1. e4 e5 2. Nf3 Nc6 3. Bb5 a6 4. Ba4 Nf6 5. 0-0 b5 6. Bb3 Be7 7. d4 d6 8. dxe5 dxe5 9. Qxd8+ Bxd8 10. Be3 Be7 11. a4 Rb8 12. Nc3 Bd6 13. axb5 axb5 14. Nxb5 Rxb5 15. Ba4 Rxb2 16. Bxc6+ Ke7 17. c4 Bd7 18. Bxd7 Nxd7 19. Rfc1 Nc5 20. Nxe5 Nxe4 21. Bd4 Rd2 22. Re1 Rxd4 23. Nc6+ Kf6 24. Nxd4 Nc5 25. Ra3 g6 26. Nb5 Rd8 27. Rf3+ Kg7 28. g3 Ne6 29. Rd3 Bb4 30. Rxd8 Bxe1 31. Ra8 Bb4 32. Kf1 Kf6 33. Ke2 h5 34. Ra6 Ke5 35. Ra1 c6 36. Na7 Bd6 37. Nxc6+ Kf6 38. Rd1 Bc5 39. f4 h4 40. Kf3 hxg3 41. hxg3 g5 42. Ne5 gxf4 43. Nd7+ Ke7 44. Nxc5 Nxc5 45. gxf4 Ke6 46. Ke3 f6 47. Kd4 Nb3+ 48. Kc3 Nc5 49. Kb4 Na6+ 50. Kb5 Nb8 51. c5 Ke7 52. Kb6 Nd7+ 53. Rxd7+ Kxd7 54. Kb7 Ke6 55. c6 Kf5 56. c7 Kxf4 57. c8Q f5 58. Qc1+ 1-0

[Event "Wch U14 Girls"]
[Site "Montesilvano"]
[Date "2023.11.23"]
[Round "10"]
[White "Aswinika Mani, R."]
[Black "Trunz, Tamila"]
[Result "0-1"]
[WhiteElo "1472"]
[BlackElo "1732"]
[PlyCount "84"]
[EventDate "2023.11.13"]
[EventType "swiss"]
[EventRounds "11"]
[EventCountry "ITA"]
[SourceTitle "CB48_2023"]
[SourceDate "2023.11.29"]
[SourceVersion "1"]
[SourceVersionDate "2023.11.29"]
[SourceQuality "1"]

1. e4 c5 2. Nf3 e6 3. d4 cxd4 4. Nxd4 Qb6 5. c3 a6 6. Nd2 Nf6 7. Bd3 Qc7 8. 0-0 Be7 9. f4 d6 10. N2f3 Nbd7 11. Qe2 Nc5 12. Bb1 e5 13. fxe5 dxe5 14. Nf5 Bxf5 15. exf5 Nfd7 16. Bc2 b6 17. b4 Nb7 18. Bb2 0-0 19. Rad1 Rfe8 20. Rd5 Bd6 21. Be4 b5 22. Rd2 Be7 23. Rfd1 Rad8 24. h4 Nd6 25. Bd5 Nxf5 26. Bxf7+ Kxf7 27. Rxd7 Rxd7 28. Rxd7 Qb6+ 29. Qf2 Qxf2+ 30. Kxf2 e4 31. Ng5+ Kg6 32. Ra7 Bxg5 33. hxg5 e3+ 34. Ke1 Nh4 35. Rxa6+ Kxg5 36. Bc1 Kg4 37. Rd6 Nxg2+ 38. Ke2 Nf4+ 39. Ke1 Kf3 40. Bxe3 Rxe3+ 41. Kf1 Rd3 42. Rxd3+ Nxd3 0-1

[Event "Marburg op-A"]
[Site "Marburg"]
[Date "2023.10.28"]
[Round "4"]
[White "Trunz, Tamila"]
[Black "Herrmann, Gerhard"]
[Result "1-0"]
[WhiteElo "1777"]
[BlackElo "1479"]
[PlyCount "85"]
[EventDate "2023.10.26"]
[EventType "swiss"]
[EventRounds "7"]
[EventCountry "GER"]
[SourceTitle "CB49_2023"]
[SourceDate "2023.12.06"]
[SourceVersion "1"]
[SourceVersionDate "2023.12.06"]
[SourceQuality "1"]

1. e4 d5 2. exd5 Nf6 3. Bb5+ Bd7 4. Bxd7+ Qxd7 5. Nf3 Nxd5 6. 0-0 Nc6 7. d4 0-0-0 8. Qe2 e6 9. c4 Nf6 10. Nc3 h6 11. Rd1 Qe8 12. a3 g5 13. Be3 Ng4 14. Bd2 Nxd4 15. Nxd4 Rxd4 16. h3 Nxf2 17. Kxf2 Bc5 18. Kf1 f5 19. Re1 Qd7 20. Be3 e5 21. Nd5 Rxd5 22. cxd5 Qxd5 23. Red1 Bd4 24. Bxd4 exd4 25. Rac1 c5 26. Qc4 Qxc4+ 27. Rxc4 b6 28. b4 Kb7 29. bxc5 bxc5 30. Rxc5 f4 31. Rxd4 Kb6 32. Rc3 a5 33. a4 h5 34. Rd5 g4 35. Rb5+ Ka6 36. h4 Rd8 37. Rc6+ Ka7 38. Rxh5 Rd1+ 39. Ke2 Ra1 40. Rh7+ Kb8 41. Rg6 Ra2+ 42. Kd3 Ra3+ 43. Kc2 1-0

[Event "GER-ch U14 Girls"]
[Site "Willingen"]
[Date "2023.05.29"]
[Round "3"]
[White "Trunz, Tamila"]
[Black "Mueller, Riyanna"]
[Result "1/2-1/2"]
[WhiteElo "1697"]
[BlackElo "1687"]
[PlyCount "100"]
[EventDate "2023.05.27"]
[EventType "swiss"]
[EventRounds "9"]
[EventCountry "GER"]
[SourceTitle "CBM 214 Extra"]
[Source "ChessBase"]
[SourceDate "2023.07.31"]
[SourceVersion "1"]
[SourceVersionDate "2023.07.31"]
[SourceQuality "1"]

1. e4 d5 2. exd5 Qxd5 3. Nc3 Qd6 4. d4 Nf6 5. Nf3 a6 6. Bc4 b5 7. Bb3 Bb7 8. Be3 e6 9. Qd2 Nbd7 10. Bf4 Qb6 11. d5 c5 12. dxc6 Bxc6 13. Qe2 Nc5 14. Rd1 Nxb3 15. axb3 Bc5 16. 0-0 0-0 17. Ne5 Bb7 18. Bg5 Nd5 19. Nd7 Nxc3 20. bxc3 Qc6 21. Qg4 f5 22. Qg3 f4 23. Qg4 h5 24. Qh3 Rf5 25. Nxc5 Qxc5 26. Bd8 Bd5 27. Ba5 Ra7 28. Rd4 Rg5 29. f3 Rf5 30. Kh1 Raf7 31. Rfd1 Qa3 32. Bb4 Qa2 33. R4d2 a5 34. Bc5 a4 35. bxa4 bxa4 36. Qh4 Rd7 37. Qe1 Qc4 38. Bb4 Ra7 39. Rd4 Qc6 40. Qe2 Qb6 41. c4 Bxf3 42. gxf3 Qxb4 43. Qxe6+ Raf7 44. Rd7 Qc3 45. R1d3 Qf6 46. Rd8+ Kh7 47. Qe8 Qe7 48. Qh8+ Kg6 49. Rd1 Rf8 50. Rg1+ Rg5 1/2-1/2

[Event "Verden op-B"]
[Site "Verden"]
[Date "2023.01.07"]
[Round "5"]
[White "Trunz, Tamila"]
[Black "Dralle, Hannes"]
[Result "1/2-1/2"]
[WhiteElo "1494"]
[BlackElo "1732"]
[PlyCount "135"]
[EventDate "2023.01.05"]
[EventType "swiss"]
[EventRounds "7"]
[EventCountry "GER"]
[SourceTitle "CBM 212 Extra"]
[Source "ChessBase"]
[SourceDate "2023.03.31"]
[SourceVersion "1"]
[SourceVersionDate "2023.03.31"]
[SourceQuality "1"]

1. e4 c5 2. Nf3 e6 3. d4 cxd4 4. Nxd4 Nc6 5. Nc3 Qc7 6. Be2 a6 7. Be3 b5 8. a3 Bb7 9. 0-0 Nf6 10. f4 Nxd4 11. Qxd4 Rc8 12. Kh1 h5 13. Bf3 Bc5 14. Qxc5 Qxc5 15. Bxc5 Rxc5 16. Rad1 Ke7 17. Rfe1 Ng4 18. Rd2 a5 19. h3 Nh6 20. Re3 f6 21. f5 Nf7 22. Ne2 e5 23. h4 d5 24. Ng3 Nd6 25. b3 Nxe4 26. Bxe4 dxe4 27. Nxe4 Bxe4 28. Rxe4 Rhc8 29. Ree2 Rc3 30. Rd5 Rxc2 31. Rxc2 Rxc2 32. Rxb5 a4 33. bxa4 Rc3 34. Rb7+ Kd6 35. Rxg7 Rxa3 36. Ra7 Ra1+ 37. Kh2 e4 38. Kg3 Ke5 39. Kf2 Kxf5 40. a5 Ra2+ 41. Ke3 Rxg2 42. Rh7 Rg3+ 43. Kd4 Rd3+ 44. Kc4 Kg4 45. Re7 f5 46. Re5 Ra3 47. Kd4 Kf4 48. Rb5 e3 49. Rb1 Ra4+ 50. Kd3 Rxa5 51. Rf1+ Kg4 52. Kxe3 Kxh4 53. Kf4 Ra4+ 54. Kxf5 Kg3 55. Rh1 h4 56. Rg1+ Kf2 57. Rh1 Kg2 58. Rb1 Ra3 59. Kg4 Ra4+ 60. Kf5 h3 61. Rb2+ Kg3 62. Rb3+ Kh4 63. Rb2 Rg4 64. Ra2 Rg2 65. Ra4+ Kg3 66. Ra3+ Kh2 67. Kf4 Rf2+ 68. Kg4 1/2-1/2

[Event "GER-chT U16 Girls"]
[Site "Neumuenster"]
[Date "2022.12.29"]
[Round "5"]
[White "Trunz, Tamila"]
[Black "Reich, Elisabeth"]
[Result "1-0"]
[WhiteElo "1494"]
[BlackElo "1528"]
[PlyCount "49"]
[EventDate "2022.12.26"]
[EventType "team-swiss"]
[EventRounds "7"]
[EventCountry "GER"]
[SourceTitle "CBM 212 Extra"]
[Source "ChessBase"]
[SourceDate "2023.03.31"]
[SourceVersion "1"]
[SourceVersionDate "2023.03.31"]
[SourceQuality "1"]
[WhiteTeam "Porz SG II"]
[BlackTeam "Oberkotzau"]
[WhiteTeamCountry "GER"]
[BlackTeamCountry "GER"]

1. e4 c5 2. Nf3 Nc6 3. Bb5 e6 4. Bxc6 bxc6 5. d3 d5 6. Nbd2 Nf6 7. 0-0 Be7 8. Qe2 0-0 9. Re1 Re8 10. Nf1 Ba6 11. c4 dxe4 12. dxe4 Qb6 13. Ng3 Rad8 14. b3 h6 15. e5 Nd5 16. Qe4 Nb4 17. Be3 Bb7 18. Nh5 Kh8 19. Nxg7 Kxg7 20. Qg4+ Bg5 21. Nxg5 hxg5 22. Bxg5 f5 23. Bf6+ Kh6 24. Qg7+ Kh5 25. Qg5# 1-0

[Event "GER-chT U16 Girls"]
[Site "Neumuenster"]
[Date "2022.12.28"]
[Round "4"]
[White "Kanno, Clara Yumi"]
[Black "Trunz, Tamila"]
[Result "0-1"]
[WhiteElo "1255"]
[BlackElo "1494"]
[PlyCount "76"]
[EventDate "2022.12.26"]
[EventType "team-swiss"]
[EventRounds "7"]
[EventCountry "GER"]
[SourceTitle "CBM 212 Extra"]
[Source "ChessBase"]
[SourceDate "2023.03.31"]
[SourceVersion "1"]
[SourceVersionDate "2023.03.31"]
[SourceQuality "1"]
[WhiteTeam "Essen Werden"]
[BlackTeam "Porz SG II"]
[WhiteTeamCountry "GER"]
[BlackTeamCountry "GER"]

1. d4 Nf6 2. Bf4 b6 3. Nf3 Bb7 4. e3 Nh5 5. Bg5 h6 6. Bh4 g5 7. Bg3 Nxg3 8. hxg3 Bg7 9. Nbd2 d6 10. c3 e6 11. Bd3 Nd7 12. Qc2 Qe7 13. 0-0-0 d5 14. e4 c5 15. exd5 Bxd5 16. dxc5 Nxc5 17. Bb5+ Kf8 18. Kb1 a6 19. Bc4 Bc6 20. Rhg1 b5 21. Be2 Qb7 22. Ka1 b4 23. cxb4 Qxb4 24. Rc1 Na4 25. Nc4 Bxf3 26. a3 Qb5 27. gxf3 Rb8 28. Rb1 Ke7 29. Rgd1 Rhc8 30. Ka2 Nxb2 31. Rxb2 Bxb2 32. Qe4 Qb3+ 33. Kb1 Bxa3+ 34. Ka1 Qc3+ 35. Ka2 Rb2+ 36. Ka1 Rc2+ 37. Kb1 Rb8+ 38. Nb2 Qxb2# 0-1

[Event "GER-chT U16 Girls"]
[Site "Neumuenster"]
[Date "2022.12.27"]
[Round "2"]
[White "Clauss, Annika"]
[Black "Trunz, Tamila"]
[Result "0-1"]
[WhiteElo "1452"]
[BlackElo "1494"]
[PlyCount "54"]
[EventDate "2022.12.26"]
[EventType "team-swiss"]
[EventRounds "7"]
[EventCountry "GER"]
[SourceTitle "CBM 212 Extra"]
[Source "ChessBase"]
[SourceDate "2023.03.31"]
[SourceVersion "1"]
[SourceVersionDate "2023.03.31"]
[SourceQuality "1"]
[WhiteTeam "Raesfeld Erle"]
[BlackTeam "Porz SG II"]
[WhiteTeamCountry "GER"]
[BlackTeamCountry "GER"]

1. Nf3 Nf6 2. d4 e6 3. c4 b6 4. Nc3 Bb4 5. Bd2 0-0 6. e3 d6 7. Be2 Nbd7 8. Qc2 Bb7 9. a3 Bxc3 10. Bxc3 Rc8 11. 0-0 c5 12. dxc5 Nxc5 13. b3 d5 14. Nd2 dxc4 15. Bxc4 Nfe4 16. Nxe4 Nxe4 17. Bb4 Re8 18. Qe2 Qf6 19. Rac1 a5 20. Be1 b5 21. Bxb5 Rxc1 22. Bxe8 g6 23. b4 axb4 24. Bxb4 Ba6 25. Rxc1 Bxe2 26. f3 Qb2 27. Re1 Bxf3 0-1

[Event "GER-chT Lands U20"]
[Site "Wiesbaden"]
[Date "2022.10.03"]
[Round "6.1"]
[White "Kutz, Ida Klara"]
[Black "Trunz, Tamila"]
[Result "0-1"]
[WhiteElo "1411"]
[BlackElo "1521"]
[PlyCount "103"]
[EventDate "2022.09.30"]
[EventType "team-swiss"]
[EventRounds "7"]
[EventCountry "GER"]
[SourceTitle "CBM 210 Extra"]
[Source "ChessBase"]
[SourceDate "2022.11.30"]
[SourceVersion "1"]
[SourceVersionDate "2022.11.30"]
[SourceQuality "1"]
[WhiteTeam "Schleswig Holstein U20"]
[BlackTeam "Nordrhein Westfalen U20"]
[WhiteTeamCountry "GER"]
[BlackTeamCountry "GER"]

1. c4 e5 2. Nc3 Nf6 3. Nf3 Nc6 4. g3 d5 5. cxd5 Nxd5 6. Bg2 Nb6 7. 0-0 Be7 8. a3 0-0 9. b4 Be6 10. Bb2 a6 11. Ne4 f5 12. Nc5 Bxc5 13. bxc5 Nc4 14. Bc3 Qe7 15. d3 N4a5 16. Nxe5 Qe8 17. Nxc6 Nxc6 18. d4 Bc4 19. Re1 Qf7 20. e3 Rad8 21. Rb1 Ne5 22. Bf1 Bxf1 23. Rxf1 Kh8 24. Qb3 Nf3+ 25. Kg2 Qh5 26. Qxb7 Ng5 27. h4 Ne4 28. Ba5 Rf6 29. Qxc7 Rdf8 30. Rb8 h6 31. c6 Kh7 32. Rxf8 Rxf8 33. Qe7 Rf6 34. c7 Rc6 35. Qf8 Rg6 36. Qh8+ Kxh8 37. c8Q+ Kh7 38. Qc7 Qe2 39. Qf4 Rxg3+ 40. Qxg3 Nxg3 41. Re1 Qb5 42. Bb4 Ne4 43. Kf3 a5 44. Be7 Qe8 45. Bc5 Qh5+ 46. Kf4 Qxh4+ 47. Ke5 Nxf2 48. Re2 Nd3+ 49. Kd6 f4 50. e4 f3 51. Ra2 Qxe4 52. Ra1 0-1

[Event "Krefeld op"]
[Site "Krefeld"]
[Date "2022.08.08"]
[Round "8"]
[White "Jovanovic, Luka"]
[Black "Trunz, Tamila"]
[Result "1/2-1/2"]
[WhiteElo "1775"]
[BlackElo "1529"]
[PlyCount "124"]
[EventDate "2022.08.04"]
[EventType "swiss"]
[EventRounds "9"]
[EventCountry "GER"]
[SourceTitle "CBM 209 Extra"]
[Source "ChessBase"]
[SourceDate "2022.09.30"]
[SourceVersion "1"]
[SourceVersionDate "2022.09.30"]
[SourceQuality "1"]

1. e4 c5 2. Nc3 e6 3. Bc4 Nc6 4. d3 g6 5. a4 Bg7 6. f4 Qh4+ 7. g3 Qd8 8. Nf3 Nge7 9. e5 d6 10. Qe2 d5 11. Bb5 a6 12. Bxc6+ Nxc6 13. 0-0 0-0 14. Bd2 f6 15. Rfe1 f5 16. Nd1 d4 17. c3 b6 18. c4 Bb7 19. Qg2 h6 20. h3 Qc8 21. a5 b5 22. b3 b4 23. Nb2 Qc7 24. Kf2 Nxa5 25. Rxa5 Qxa5 26. Na4 Qc7 27. g4 g5 28. gxf5 Rxf5 29. Qg3 Raf8 30. h4 Rxf4 31. Bxf4 Rxf4 32. Re4 Bxe4 33. dxe4 Qxe5 34. hxg5 Qxe4 35. gxh6 Rxf3+ 36. Qxf3 Qxf3+ 37. Kxf3 Bxh6 38. Nxc5 a5 39. Nxe6 a4 40. Nxd4 a3 41. Nc2 a2 42. Ke4 Bg7 43. Kd5 Kf8 44. Kc6 Ke8 45. Kb7 Bd4 46. Kc6 Kd8 47. Kb5 Bc3 48. c5 Kc7 49. c6 Kc8 50. Kb6 Kb8 51. Kc5 Kc7 52. Kd5 Kc8 53. Kd6 Kd8 54. c7+ Kc8 55. Kc6 a1Q 56. Nxa1 Bxa1 57. Kc5 Bc3 58. Kc6 Bf6 59. Kc5 Be7+ 60. Kc6 Bf8 61. Kb6 Bd6 62. Kc6 Be7 1/2-1/2

[Event "BL2 West 2122 (Women)"]
[Site "Germany"]
[Date "2021.11.27"]
[Round "1.6"]
[White "Boehm, Janina"]
[Black "Trunz, Tamila"]
[Result "0-1"]
[WhiteElo "1589"]
[BlackElo "1434"]
[PlyCount "70"]
[EventDate "2021.11.27"]
[EventType "team-tourn"]
[EventRounds "7"]
[EventCountry "GER"]
[SourceTitle "EXT 2023"]
[Source "ChessBase"]
[SourceDate "2022.10.05"]
[SourceVersion "1"]
[SourceVersionDate "2022.10.05"]
[SourceQuality "1"]
[WhiteTeam "Muelheim Nord (W)"]
[BlackTeam "Godesberg (W)"]
[WhiteTeamCountry "GER"]
[BlackTeamCountry "GER"]

1. d4 d5 2. Nf3 Nf6 3. e3 Bf5 4. c4 e6 5. Nc3 c6 6. Bd3 dxc4 7. Bxc4 Bd6 8. 0-0 Nbd7 9. Re1 Ne4 10. Nxe4 Bxe4 11. Bd3 Bxd3 12. Qxd3 0-0 13. e4 e5 14. d5 Nc5 15. Qc3 cxd5 16. exd5 Rc8 17. Nxe5 Nd7 18. Qd4 Nxe5 19. Bf4 Rc4 20. Qe3 Ng4 21. Bxd6 Nxe3 22. Rxe3 Qxd6 23. Rae1 h6 24. g3 Qxd5 25. Re7 Rfc8 26. h4 Rc1 27. R7e2 Qf3 28. Kh2 Rxe1 29. Rxe1 Qxf2+ 30. Kh3 Qxe1 31. a4 Qe6+ 32. Kg2 Rc2+ 33. Kf3 Qe2+ 34. Kf4 Rc4+ 35. Kf5 Qe4# 0-1

[Event "GER-ch U12 Girls"]
[Site "Willingen"]
[Date "2021.08.25"]
[Round "4"]
[White "Trunz, Tamila"]
[Black "Haug, Mara"]
[Result "0-1"]
[WhiteElo "1353"]
[BlackElo "1366"]
[PlyCount "88"]
[EventDate "2021.08.22"]
[EventType "swiss"]
[EventRounds "9"]
[EventCountry "GER"]
[SourceTitle "EXT 2022"]
[Source "ChessBase"]
[SourceDate "2021.10.06"]
[SourceVersion "1"]
[SourceVersionDate "2021.10.06"]
[SourceQuality "1"]

1. e4 e5 2. Nf3 Nc6 3. Bb5 f5 4. d3 fxe4 5. dxe4 Nf6 6. Nc3 d6 7. a3 Be7 8. Bc4 Bg4 9. h3 Bh5 10. g4 Bg6 11. Qd3 Nd7 12. b4 Nb6 13. Be6 Rf8 14. Bf5 Bf7 15. g5 g6 16. Bg4 a6 17. h4 Bc4 18. Qe3 Rf4 19. Rg1 Bf8 20. Bb2 h5 21. Bh3 Bg8 22. 0-0-0 Nc4 23. Qe2 Qb8 24. Nd5 Bxd5 25. exd5 Ne7 26. Rge1 Qa7 27. a4 Nxb2 28. Kxb2 Rxb4+ 29. Kc1 Rxa4 30. Kd2 Qc5 31. Qd3 Qxd5 32. Qxd5 Nxd5 33. Nxe5 dxe5 34. Rxe5+ Kf7 35. Be6+ Kg7 36. Rxd5 Bd6 37. Rb1 b6 38. Rh1 Rf4 39. Kc3 Rxf2 40. Kb3 Rf4 41. c3 Rd8 42. Rd4 Rdf8 43. Rhd1 Rxd4 44. Rxd4 Rf4 0-1